• 首页
  • 本馆介绍
  • 公告通知
  • 最新文献
  • 馆藏检索
  • 电子资源
  • 读者导购
  • 参考咨询
  • 我的图书馆
  • 登录
  • 详细信息显示
  • 放入我的书架
  • 预约/预借图书
  • 作者相关作品
  • 分类相关作品
  • 丛书相关作品
  • 出版社相关作品

书目信息

  • 表格格式
  • 工作单格式
  • 卡片格式
题名:
测量电子电路设计-滤波器篇
    
 
作者: 日远坂俊昭 著 ;彭军 译
分册:  
出版信息: 北京   科学出版社  2006
页数: 260页
开本: 20cm
丛书名:
单 册:
中图分类: TM930.111-64
科图分类:
主题词: 电气测量 , 电工仪表
电子资源:
ISBN: 7-03-017182-9
000 00662nam0 2200205 450
001 0735592734
005 20070906095312.73
010    @a7-03-017182-9@d¥38.00
100    @a20070906d km y0chiy0120 ea
101 0  @achi
200 1  @a测量电子电路设计-滤波器篇@Ace liang dian zi dian lu she ji-lu bo qi pian@f[日]远坂俊昭著@F[ri]yuan ban jun zhao zhu@g彭军译@Gpeng jun yi
210    @a北京@c科学出版社@d2006
215    @a260页@d20cm
606 0  @a电气测量
606 0  @a电工仪表
690    @aTM930.111-64@v3
701  0 @a日远坂俊昭@Ari yuan ban jun zhao@4著
702  0 @a彭军@Apeng jun@4译
801  0 @aCN@bPFT@c20070906
905    @a213230@dTM930.111-64@ep7:13@f1
    
    测量电子电路设计-滤波器篇/[日]远坂俊昭著/彭军译.-北京:科学出版社,2006
    260页;20cm
    
    
    ISBN 7-03-017182-9:¥38.00
    
●
相关链接 在E读中查询图书 在五车中查询图书 在当当中查询图书 在豆瓣中查询图书


正题名:测量电子电路设计-滤波器篇     索取号:TM930.111-64/p7:13         预约/预借

序号 登录号 条形码 馆藏地/架位号 状态 备注
1 7202121   272021206   密集书库-物理学院/ [索取号:TM930.111-64/p7:13] 在馆    
2 7202122   272021215   密集书库-物理学院/ [索取号:TM930.111-64/p7:13] 在馆    
3 7202123   272021224   密集书库-物理学院/ [索取号:TM930.111-64/p7:13] 在馆    
4 7202124   272021233   密集书库-物理学院/ [索取号:TM930.111-64/p7:13] 在馆    
5 7202125   272021242   密集书库-物理学院/ [索取号:TM930.111-64/p7:13] 在馆    
唐山师范学院图书馆 欢迎您!
大连网信软件有限公司© 版权所有